Belgian Association Football Champions - Statistics

General Stats
  • This quiz has been taken 119 times
  • The average score is 71 of 115
Answer Stats
Season Champion % Correct
1980-1981 | 1984-1985 | 1985-1986 | +15 others RSC Anderlecht
99%
1946-1947 | 1948-1949 | 1949-1950 | +13 others RSC Anderlechtois
99%
1972-1973 | 1975-1976 | 1976-1977 | +11 others Club Brugge KV
93%
1919-1920 FC Brugeois
93%
1998-1999 | 2001-2002 | 2010-2011 KRC Genk
91%
2014-2015 KAA Gent
89%
1957-1958 | 1960-1961 | 1962-1963 | +7 others R Standard Liège
76%
1928-1929 | 1930-1931 | 1943-1944 | 1956-1957 Royal Antwerp FC
68%
1910-1911 CS Brugeois
60%
1926-1927 | 1929-1930 RCS Brugeois
60%
1988-1989 KV Mechelen
59%
1942-1943 | 1945-1946 | 1947-1948 RFC Malinois
59%
1931-1932 | 1941-1942 | 1959-1960 K Liersche SK
49%
1996-1997 Lierse SK
49%
1978-1979 | 1983-1984 KSK Beveren
34%
1974-1975 RWD Molenbeek
34%
1895-1896 | 1897-1898 | 1898-1899 FC Liégeois
17%
1951-1952 | 1952-1953 RFC Liégeois
17%
1903-1904 | 1904-1905 | 1905-1906 | +8 others Royal Union Saint-Gilloise
9%
1911-1912 | 1913-1914 Daring Club de Bruxelles
8%
1920-1921 | 1935-1936 | 1936-1937 Daring Club de Bruxelles SR
8%
1921-1922 | 1923-1924 | 1924-1925 | +2 others K Beershot VAC
2%
1937-1938 | 1938-1939 R Beershot AC
2%
1896-1897 | 1899-1900 | 1900-1901 | +3 others RC Bruxelles
0%
No matching quizzes found
Score Distribution
Percent of People with Each Score
Percentile by Number Answered
Your Score History
You have not taken this quiz